GRANT ATLAS OF ANATOMY (Record no. 15544)
[ view plain ]
| 000 -LEADER | |
|---|---|
| fixed length control field | 00344nam a22001577a 4500 |
| 003 - CONTROL NUMBER IDENTIFIER | |
| control field | SGT |
| 020 ## - INTERNATIONAL STANDARD BOOK NUMBER | |
| International Standard Book Number | 978-93-5129-606-5 |
| 082 ## - DEWEY DECIMAL CLASSIFICATION NUMBER | |
| Classification number | 611 |
| Item number | G17A |
| 100 ## - MAIN ENTRY--PERSONAL NAME | |
| Personal name | AGUR, ANNE M.R. |
| 245 ## - TITLE STATEMENT | |
| Title | GRANT ATLAS OF ANATOMY |
| 250 ## - EDITION STATEMENT | |
| Edition statement | 14TH |
| 260 ## - PUBLICATION, DISTRIBUTION, ETC. (IMPRINT) | |
| Place of publication, distribution, etc | INDIA |
| Name of publisher, distributor, etc | WOLTERS KLUWER |
| Year of Publication | 2017 |
| 300 ## - PAGE DESCRIPTION | |
| No. of Pages | 867 |
| 650 ## - SUBJECT ADDED ENTRY--TOPICAL TERM | |
| Topical term or geographic name as entry element | ANATOMY |
| 942 ## - ADDED ENTRY ELEMENTS (KOHA) | |
| Source of classification or shelving scheme | Dewey Decimal Classification |
| Koha item type | Books |
| 942 ## - ADDED ENTRY ELEMENTS (KOHA) | |
| -- | 9 |
| Withdrawn status | Lost status | Source of classification or shelving scheme | Damaged status | Not for loan | Collection code | Home library | Current library | Shelving location | Date acquired | Vendor Name | Cost, normal purchase price | SGTU | Bill Number | Total Checkouts | Full call number | Accession No. (Barcode) | Date last seen | Bill Date | Koha item type | Date last borrowed |
|---|---|---|---|---|---|---|---|---|---|---|---|---|---|---|---|---|---|---|---|---|
| Dewey Decimal Classification | MEDICAL | SGT Medical Library | SGT Medical Library | Reference Book | 13/06/2018 | ABC | 2095.00 | SGTU | 9732 | 611 G17A | FM10672 | 13/06/2018 | 15/05/2018 | Books | ||||||
| Dewey Decimal Classification | MEDICAL | SGT Medical Library | SGT Medical Library | Reference Book | 13/06/2018 | ABC | 2095.00 | SGTU | 9732 | 6 | 611 G17A | FM10673 | 27/09/2023 | 15/05/2018 | Books | 27/09/2023 | ||||
| Dewey Decimal Classification | MEDICAL | SGT Medical Library | SGT Medical Library | Reference Book | 13/06/2018 | ABC | 2095.00 | SGTU | 9732 | 2 | 611 G17A | FM10674 | 19/03/2024 | 15/05/2018 | Books | 13/03/2024 | ||||
| Dewey Decimal Classification | MEDICAL | SGT Medical Library | SGT Medical Library | Reference Book | 11/07/2018 | ABC | 2095.00 | SGTU | 9732 | 4 | 611 G17A | FM10675 | 16/10/2023 | 15/05/2018 | Books | 29/09/2023 |